000 00614nam a22002052 4500
001 0000019944
005 20151217152205.0
008 110324s xx 000 0 eng d
020 _a8131725962 :
040 _aKABU
_cKABU
100 1 _aTull, Chris.
_@0000179946
245 1 0 _aWAP 2.0 development /
_cChris Tull.
250 _a1st ed.
260 _aNew Delhi :
_bPearson education,
_c2002.
300 _axv, 379 p.
650 0 _aWireless Application Protocol (Computer network protocol)
_@0000156348
852 1 _9p2028 KES
908 _a110324
950 _@1
999 _c9134
_d9134